[Event "Julian Mazur 2024"]
[Site "Wellington Chess Club"]
[Date "2024.09.05"]
[Round "6.23"]
[White "Asher, Bruce"]
[WhiteFideId "0"]
[Black "He, Zachary"]
[BlackFideId "4320905"]
[Result "0-1"]
[WhiteElo "1153"]
[BlackElo "1261"]

1. e4 e6 2. Bc4 d5 3. exd5 exd5 4. Bb3 Bd6 5. d4 Nf6 6. Nc3 c6 7. Nf3 O-O 8. h3
Bf5 9. Ne5 Re8 10. Qf3 Bxe5 11. Ne2 Be4 12. Qc3 Bd6 13. O-O Bxg2 14. Kxg2 Rxe2
15. Qf3 Re8 16. Bg5 Nbd7 17. c4 h6 18. Bh4 g5 19. Bg3 Bxg3 20. Qxg3 Ne4 21. Qg4
Nd2 22. Rad1 Nxf1 23. Rxf1 Re4 24. Qf5 Nf6 25. cxd5 cxd5 26. Rd1 Qd6 27. Bc2
Re2 28. b3 Qe6 29. Qd3 Re8 30. Kg3 Nh5+ 31. Kh2 Rxf2+ 32. Kg1 Rf6 33. Qh7+ Kf8
34. Qd3 Qe3+ 35. Qxe3 Rxe3 36. Rc1 Rxh3 37. Bh7 Kg7 38. Bc2 Nf4 39. Rf1 Ne2+
40. Kg2 Rxf1 41. Kxf1 Nxd4 0-1

[Event "Julian Mazur 2024"]
[Site "Wellington Chess Club"]
[Date "2024.09.05"]
[Round "6.24"]
[White "Hao, John"]
[WhiteFideId "4326377"]
[Black "Thingbaijam, Conan"]
[BlackFideId "4326792"]
[Result "1/2-1/2"]
[WhiteElo "1045"]
[BlackElo "1325"]

1. e4 c5 2. Nf3 Nc6 3. d4 cxd4 4. Nxd4 Nf6 5. Nc3 e5 6. Ndb5 d6 7. Be2 a6 8.
Na3 b5 9. Ncb1 Bb7 10. Nd2 Nd4 11. Bd3 d5 12. exd5 Qxd5 13. Rg1 Bd6 14. c4 bxc4
15. Ndxc4 Qc6 16. Nxd6+ Qxd6 17. Be3 Qb4+ 18. Qd2 Qxd2+ 19. Kxd2 Ne4+ 20. Bxe4
Bxe4 21. Bxd4 exd4 22. Rge1 f5 23. g4 O-O 24. Rac1 Rac8 25. gxf5 Bxf5 26. b4
Bg6 27. Rxc8 Rxc8 28. Rc1 Rxc1 29. Kxc1 Kf7 30. b5 axb5 31. Nxb5 d3 32. Kd2 Kf6
33. a4 Ke5 34. a5 Kf4 35. a6 Be4 36. Nc7 Kf3 37. a7 Kxf2 38. a8=Q Bxa8 39. Nxa8
Kg2 40. Kxd3 Kxh2 41. Nc7 g5 42. Nd5 g4 43. Nf4 g3 44. Ke4 h5 45. Kf3 h4 46.
Kg4 h3 47. Nxh3 g2 48. Kh4 Kh1 49. Kg3 g1=R+ 50. Nxg1 1/2-1/2

[Event "Julian Mazur 2024"]
[Site "Wellington Chess Club"]
[Date "2024.09.05"]
[Round "6.25"]
[White "Miriyala, Sreenikesh"]
[WhiteFideId "4325532"]
[Black "Pham, Anthony"]
[BlackFideId "0"]
[Result "1-0"]
[WhiteElo "948"]
[BlackElo "1151"]

1. e4 e5 2. Nf3 Nc6 3. d4 d6 4. d5 Nce7 5. Nc3 c6 6. dxc6 Nxc6 7. Bc4 Nf6 8.
Bg5 h6 9. Be3 Be7 10. O-O O-O 11. Qd2 Bg4 12. Nh4 Nh7 13. Ng6 Re8 14. f4 a6 15.
fxe5 dxe5 16. Bxf7# 1-0

[Event "Julian Mazur 2024"]
[Site "Wellington Chess Club"]
[Date "2024.09.05"]
[Round "6.27"]
[White "Pham, Luca"]
[WhiteFideId "0"]
[Black "Dey, Kyle"]
[BlackFideId "0"]
[Result "1-0"]
[WhiteElo "947"]
[BlackElo "1073"]

1. e4 e5 2. Nf3 Nc6 3. Bc4 Nf6 4. Ng5 Qe7 5. Bxf7+ Kd8 6. O-O h6 7. b3 hxg5 8.
Ba3 Qxf7 9. g3 Bxa3 10. Nxa3 Nxe4 11. f3 Nf6 12. f4 gxf4 13. gxf4 d5 14. fxe5
Nxe5 15. d4 Bg4 16. Qd2 Nf3+ 17. Rxf3 Bxf3 18. Qf4 Be4 19. c4 c6 20. cxd5 cxd5
21. Nb5 Qd7 22. Nd6 Rf8 23. Qe5 Re8 24. Qf4 Re6 25. Nf5 Nh5 26. Qg5+ Ke8 27.
Qxh5+ Kd8 28. Qg5+ Ke8 29. Nxg7+ Kf7 30. Rf1+ Rf6 31. Rxf6+ Kg8 32. Ne6+ Kh8
33. Rh6+ Qh7 34. Rxh7+ Kxh7 35. Qg7# 1-0

[Event "Julian Mazur 2024"]
[Site "Wellington Chess Club"]
[Date "2024.09.05"]
[Round "6.28"]
[White "Ravi, Vrajesh"]
[WhiteFideId "0"]
[Black "Fairbrother, Rebecca"]
[BlackFideId "0"]
[Result "1-0"]
[WhiteElo "1054"]
[BlackElo "802"]

1. e4 e5 2. Nf3 Nc6 3. Bc4 Bc5 4. c3 d6 5. d4 exd4 6. cxd4 Bb4+ 7. Nc3 Bg4 8.
O-O Qd7 9. h3 Bh5 10. d5 Ne5 11. Nxe5 Qe7 12. Qxh5 Nf6 13. Qg5 O-O-O 14. Ng4 h6
15. Qf4 g5 16. Qxf6 Rde8 17. Qxe7 Rxe7 18. Re1 Rhe8 19. Nxh6 f5 20. Nxf5 Re5
21. Bd2 Bc5 22. Bxg5 Rf8 23. Bh6 Rfxf5 24. exf5 Rxf5 25. Re2 Rh5 26. Bb5 b6 27.
Ba6+ Kd8 28. Bg7 Re5 29. Bxe5 Kd7 30. Bf6 1-0

[Event "Julian Mazur 2024"]
[Site "Wellington Chess Club"]
[Date "2024.09.05"]
[Round "6.29"]
[White "Evans, Oliver"]
[WhiteFideId "4311949"]
[Black "Grant, Elliot"]
[BlackFideId "0"]
[Result "1-0"]
[WhiteElo "1573"]
[BlackElo "1667"]

1. e4 e5 2. Nf3 Nc6 3. Bc4 Nf6 4. d3 h6 5. Nbd2 Bc5 6. c3 d6 7. h3 O-O 8. Bb3
Re8 9. O-O a5 10. Re1 Bd7 11. Nf1 Qc8 12. Bc2 Bxh3 13. gxh3 Qxh3 14. N1h2 Ng4
15. Re2 Nxh2 16. Nxh2 Re6 17. Qf1 Rg6+ 18. Kh1 Qh4 19. Be3 Bxe3 20. fxe3 Ne7
21. Qf2 Qxf2 22. Rxf2 h5 23. Bb3 Rf8 24. Raf1 Rg3 25. Rxf7 Rxf7 26. Rxf7 a4 27.
Rf3+ axb3 28. Rxg3 bxa2 29. Rg1 Kh7 30. Nf3 Kh6 31. Nh4 g5 32. Nf5+ Nxf5 33.
exf5 g4 34. Ra1 Kg5 35. e4 h4 36. Rxa2 g3 37. Ra8 h3 38. Rg8+ Kf4 39. Rxg3 Kxg3
40. f6 c5 41. f7 d5 42. exd5 c4 43. dxc4 e4 44. f8=Q e3 45. Qe7 Kf2 46. Qh4+
Ke2 47. Qxh3 Kd2 48. Qxe3+ 1-0

[Event "Julian Mazur 2024"]
[Site "Wellington Chess Club"]
[Date "2024.09.05"]
[Round "6.30"]
[White "Malcolm, Leo"]
[WhiteFideId "4317408"]
[Black "Wong, Jaden"]
[BlackFideId "0"]
[Result "1-0"]
[WhiteElo "1905"]
[BlackElo "995"]

1. e4 e6 2. d4 d5 3. Be3 dxe4 4. f3 exf3 5. Nxf3 Bd6 6. Bd3 Nf6 7. O-O O-O 8.
Qe1 Nc6 9. Qh4 e5 10. Bg5 g6 11. Bxf6 Be7 12. Bxe7 Qxe7 13. Qh6 Qf6 14. Nxe5
Qh8 15. Nxc6 bxc6 16. c3 Rb8 17. Nd2 Rxb2 18. Ne4 Bb7 19. Nf6+ Qxf6 20. Rxf6 c5
21. Rf2 Rb6 22. Raf1 Bd5 23. c4 Be6 24. d5 Bd7 25. Qxf8+ Kxf8 26. Rxf7+ Ke8 27.
Rxh7 Kd8 28. Rf8+ Be8 29. Rhh8 Kc8 30. Rxe8+ Kb7 31. Rb8+ Ka6 32. Rxb6+ Kxb6
33. Rb8+ 1-0

[Event "Julian Mazur 2024"]
[Site "Wellington Chess Club"]
[Date "2024.09.12"]
[Round "7.1"]
[White "Young, Cohen"]
[WhiteFideId "4317440"]
[Black "Winsley, Nicholas"]
[BlackFideId "4315146"]
[Result "1/2-1/2"]
[WhiteElo "2136"]
[BlackElo "2086"]

1. d4 d5 2. c4 c6 3. Nc3 Nf6 4. Nf3 a6 5. c5 Bf5 6. Qb3 Ra7 7. Bf4 Nbd7 8. h3
e6 9. e3 Be7 10. Be2 Ne4 11. O-O g5 12. Bh2 h5 13. Nxe4 dxe4 14. Ne5 g4 15.
hxg4 hxg4 16. Bxg4 Bxg4 17. Nxg4 Bh4 18. Bf4 Qe7 19. g3 Rg8 20. Qd1 Nf6 21. Bd6
Qd8 22. Nxf6+ Qxf6 23. Kg2 Ra8 24. Qh5 Kd7 25. Be5 Qe7 26. f3 Bxg3 27. Bxg3 Rg5
28. Qh3 Rag8 29. fxe4 Rxg3+ 30. Qxg3 Rxg3+ 31. Kxg3 Qg5+ 32. Kf2 Qg4 33. e5 Qe4
34. Rae1 Qf5+ 35. Kg3 Qg5+ 36. Kh3 Qh5+ 37. Kg3 Qg5+ 38. Kh3 Qh5+ 39. Kg3
1/2-1/2

[Event "Julian Mazur 2024"]
[Site "Wellington Chess Club"]
[Date "2024.09.12"]
[Round "7.2"]
[White "Winter, Ryan"]
[WhiteFideId "4306295"]
[Black "Chang, Luke"]
[BlackFideId "4325605"]
[Result "1/2-1/2"]
[WhiteElo "2289"]
[BlackElo "1930"]

1. e4 e6 2. d3 d5 3. Nd2 Nf6 4. g3 dxe4 5. dxe4 e5 6. Ngf3 Bd6 7. Bg2 O-O 8.
O-O Qe7 9. c3 Nbd7 10. Qc2 Rd8 11. Nc4 Nb6 12. Na5 Qe8 13. Rd1 c5 14. Bg5 Qe7
15. Nd2 h6 16. Bxf6 Qxf6 17. Nf1 Qe7 18. Ne3 g6 19. Rd2 Be6 20. Bf1 Rac8 21.
Rad1 Rc7 22. Nac4 Nxc4 23. Bxc4 a6 24. Bxe6 fxe6 25. Nc4 Rcd7 26. Nb6 Rc7 27.
Qb3 Kf7 28. a4 Kf6 29. Kg2 g5 30. a5 Rc6 31. Nc4 Qc7 32. g4 h5 33. gxh5 Qh7 34.
Nxd6 Rcxd6 35. Rxd6 Qxe4+ 36. f3 Qe2+ 37. Kg3 Rxd6 38. Rxd6 Qe1+ 39. Kg2 Qe2+
1/2-1/2

[Event "Julian Mazur 2024"]
[Site "Wellington Chess Club"]
[Date "2024.09.12"]
[Round "7.3"]
[White "Thirkell, Zachary"]
[WhiteFideId "4322207"]
[Black "Tanoi, T Edward"]
[BlackFideId "4302087"]
[Result "0-1"]
[WhiteElo "1834"]
[BlackElo "1917"]

1. d4 d5 2. c4 dxc4 3. Nf3 Nf6 4. g3 c6 5. Bg2 Nbd7 6. a4 a5 7. O-O Nb6 8. Qc2
g6 9. e4 Bg7 10. Rd1 Be6 11. h3 h6 12. Be3 Nxe4 13. Ne5 Nf6 14. Nd2 O-O 15.
Ndxc4 Nxc4 16. Nxc4 Nd5 17. Bd2 Bf5 18. Qc1 Kh7 19. Ne3 Be6 20. Nxd5 Bxd5 21.
Be3 Qd7 22. Qc5 b6 23. Qc2 Rac8 24. Qe2 Be6 25. Kh2 Bd5 26. Rd2 Rfd8 27. Qd1 h5
28. Ra3 e6 29. Rc3 Bf8 30. Bxd5 Qxd5 31. Rc1 Bb4 32. Rd3 e5 33. Bg5 Rd7 34. Bf6
e4 35. Re3 Qf5 36. Qe2 Qxf6 37. Rxe4 Rxd4 38. Rxd4 Qxd4 39. Qf3 Qd7 40. Rd1 Qe6
41. g4 hxg4 42. hxg4 Qe5+ 43. Kg2 Kg7 44. Rd7 Qe6 45. Rb7 Bc5 46. b3 Rd8 47.
Rc7 Rd5 48. Kh3 Bd6 49. Rxc6 Rh5+ 50. Kg2 Rh2+ 51. Kf1 Qe5 52. Rc1 Bc5 53. Rc2
Qa1+ 54. Ke2 Rxf2+ 55. Qxf2 Bxf2 56. Kxf2 Qd4+ 0-1

[Event "Julian Mazur 2024"]
[Site "Wellington Chess Club"]
[Date "2024.09.12"]
[Round "7.4"]
[White "Dive, Russell J"]
[WhiteFideId "4300106"]
[Black "Ker, Anthony F"]
[BlackFideId "4300084"]
[Result "1-0"]
[WhiteElo "2315"]
[BlackElo "2384"]

1. d4 Nf6 2. Nf3 e6 3. Bf4 c5 4. e3 b6 5. Bd3 Bb7 6. Nbd2 cxd4 7. exd4 Be7 8.
O-O O-O 9. Re1 d6 10. c3 Nbd7 11. h3 Re8 12. Bh2 Bf8 13. a4 a6 14. Bf1 Qc7 15.
Nc4 Rad8 16. Qe2 Ne4 17. Rad1 Qc6 18. Qc2 Ndf6 19. Qb3 Nd7 20. Ne3 d5 21. c4
dxc4 22. Bxc4 Qc8 23. d5 Nec5 24. Qa2 Nf6 25. dxe6 Nxe6 26. Ne5 Bb4 27. Rxd8
Qxd8 28. Rd1 Qe7 29. Nf5 Qf8 30. Qb3 a5 31. Nd4 Bc8 32. Ndc6 Bc5 33. Bb5 Nc7
34. Bg3 Nxb5 35. Qxb5 Ne4 36. Qd3 Bf5 37. Qf3 Nxg3 38. Qxg3 f6 39. Nd7 Bxd7 40.
Rxd7 Re1+ 41. Kh2 Re6 {,} 42. Qb3 Qe8 43. Rd8 1-0

[Event "Julian Mazur 2024"]
[Site "Wellington Chess Club"]
[Date "2024.09.12"]
[Round "7.5"]
[White "Coates, Alex"]
[WhiteFideId "4311540"]
[Black "Keith, Matthew"]
[BlackFideId "4320913"]
[Result "0-1"]
[WhiteElo "1887"]
[BlackElo "1830"]

1. d4 Nf6 2. c4 e6 3. Nc3 Bb4 4. Qc2 c5 5. dxc5 Na6 6. Nf3 Nxc5 7. Bd2 O-O 8.
a3 Bxc3 9. Bxc3 Nce4 10. Bb4 d6 11. e3 a5 12. Bc3 Nxc3 13. Qxc3 Bd7 14. Be2 Rc8
15. Qd4 Qc7 16. O-O e5 17. Qh4 Be6 18. Rfd1 Qb6 19. Rd2 Qb3 20. Rc1 Rc6 21. Ng5
Bf5 22. e4 Bg6 23. Bd3 Rfc8 24. Rc3 Qb6 25. h3 a4 26. Kh1 h6 27. Nf3 Nh5 28.
Qe7 R6c7 29. Qh4 Nf4 30. Kh2 Qc6 31. c5 dxc5 32. Nxe5 Qf6 33. Qxf6 gxf6 34. Ng4
Kg7 35. Bb5 Bxe4 36. Rc4 f5 37. g3 Nd3 38. Rxa4 c4 39. Ne3 Ne5 40. Rd6 c3 41.
bxc3 Rxc3 42. Rd1 Rc1 43. Be2 Nf3+ 44. Bxf3 Bxf3 45. Rxc1 Rxc1 46. Ng2 Rf1 0-1

[Event "Julian Mazur 2024"]
[Site "Wellington Chess Club"]
[Date "2024.09.12"]
[Round "7.6"]
[White "Sethuramalingam, Karthik"]
[WhiteFideId "4320964"]
[Black "Nicholls, Leighton"]
[BlackFideId "4303776"]
[Result "1/2-1/2"]
[WhiteElo "1871"]
[BlackElo "1961"]

1. d4 Nf6 2. c4 c5 3. d5 b5 4. cxb5 a6 5. bxa6 g6 6. g3 Bxa6 7. Bg2 d6 8. Nc3
Bg7 9. Nf3 O-O 10. O-O Nbd7 11. Rb1 Qb6 12. Bd2 Bc4 13. b3 Bxd5 14. Nxd5 Nxd5
15. Ne1 e6 16. a4 Rfb8 17. Nc2 Ra6 18. Na3 Ne5 19. Nb5 Nc7 20. Na3 d5 21. b4
cxb4 22. Bxb4 Qa7 23. Qc2 Rc6 24. Qd1 Ra6 25. Qc2 Rc6 26. Qd1 Ra6 1/2-1/2

[Event "Julian Mazur 2024"]
[Site "Wellington Chess Club"]
[Date "2024.09.12"]
[Round "7.7"]
[White "Sellen, Ian"]
[WhiteFideId "4300610"]
[Black "Stoeveken, Peter"]
[BlackFideId "4304098"]
[Result "1-0"]
[WhiteElo "2001"]
[BlackElo "1743"]

1. c4 c5 2. Nc3 Nc6 3. g3 Nf6 4. Bg2 g6 5. e3 Bg7 6. Nge2 O-O 7. O-O a6 8. d4
cxd4 9. exd4 d6 10. Be3 Qc7 11. Rc1 Bf5 12. Qd2 Rad8 {,} 13. h3 h5 14. Bh6 Qd7
15. Bxg7 Kxg7 16. Kh2 Nh7 17. Nd5 f6 18. Ne3 g5 19. Nxf5+ Qxf5 20. Nc3 e5 21.
Be4 Qc8 22. Ne2 f5 23. Bf3 Kg6 24. g4 hxg4 25. hxg4 Nf6 26. gxf5+ Qxf5 27. Bg2
Rh8+ 28. Kg1 Qg4 29. f3 Qh4 30. Qd3+ Kg7 31. d5 Qh2+ 32. Kf2 Qh4+ 33. Kg1 Qh2+
34. Kf2 Qh4+ 35. Ke3 Nb4 36. Qb3 g4 37. Qxb4 Qg5+ 38. Kd3 Rh2 39. Rg1 Qf5+ 40.
Kd2 Kf7 41. fxg4 Qf2 42. Rcf1 Qh4 43. Qb3 Ke7 44. Qf3 Rg8 45. Qf5 Rxg4 46. Qe6+
1-0

[Event "Julian Mazur 2024"]
[Site "Wellington Chess Club"]
[Date "2024.09.12"]
[Round "7.8"]
[White "Jackson, L Ross"]
[WhiteFideId "4301501"]
[Black "Joseph, Joji Chacko"]
[BlackFideId "4308816"]
[Result "1/2-1/2"]
[WhiteElo "1942"]
[BlackElo "1584"]

1. d4 Nf6 2. c4 g6 3. Nc3 Bg7 4. e4 d6 5. h3 O-O 6. Be3 e5 7. d5 Ne8 8. Bd3 f5
9. exf5 Bxf5 10. g4 Bxd3 11. Qxd3 Nf6 12. O-O-O a6 13. Nge2 Nbd7 14. g5 Nh5 15.
Ne4 Nf4 16. Qc2 b5 17. Rh2 bxc4 18. Qxc4 Nb6 19. Qc2 Nfxd5 20. Qb3 c6 21. Bxb6
Qxb6 22. Qxb6 Nxb6 23. Rxd6 Rac8 24. h4 Rfd8 25. Rxd8+ Rxd8 26. h5 Nd5 27. Nc5
Nf4 28. Nxf4 exf4 29. Ne6 Rb8 1/2-1/2

[Event "Julian Mazur 2024"]
[Site "Wellington Chess Club"]
[Date "2024.09.12"]
[Round "7.9"]
[White "Benitez, Edgar"]
[WhiteFideId "4301315"]
[Black "Lavender, Ariel J"]
[BlackFideId "0"]
[Result "0-1"]
[WhiteElo "1862"]
[BlackElo "1547"]

1. e4 c5 2. c3 Nf6 3. Bd3 Nc6 4. f4 c4 5. Bc2 e5 6. Nf3 Qc7 7. d4 cxd3 8. Bxd3
Bc5 9. b4 Bb6 10. h3 exf4 11. Na3 Ne5 12. Qc2 Nxf3+ 13. gxf3 Nh5 14. Bd2 d5 15.
O-O-O Be6 16. Bb5+ Kf8 17. Bd3 a6 18. Kb1 Ng3 19. Rh2 Rc8 20. Re1 d4 21. c4 Qe5
22. Qc1 g5 23. h4 f6 24. Qb2 Kg7 25. c5 Bc7 26. hxg5 fxg5 27. Nc2 Rhd8 28. Rg1
h5 29. Rxg3 fxg3 30. Rxh5 g2 31. Qc1 Rh8 32. Rxg5+ Qxg5 33. Bxg5 Rh1 34. Ne1
g1=Q 35. f4 Qxe1 36. Bh6+ Kxh6 0-1

[Event "Julian Mazur 2024"]
[Site "Wellington Chess Club"]
[Date "2024.09.12"]
[Round "7.12"]
[White "Saglam, Azra Sena"]
[WhiteFideId "4320956"]
[Black "Aldridge, Alan L"]
[BlackFideId "4301528"]
[Result "0-1"]
[WhiteElo "1589"]
[BlackElo "1822"]

1. c4 e5 2. Nc3 Nf6 3. g3 Bb4 4. Bg2 O-O 5. Qb3 a5 6. a3 Bc5 7. Bxb7 Bxb7 8.
Qxb7 Nc6 9. Qb3 Rb8 10. Qd1 Re8 11. e3 e4 12. Nge2 Ne5 13. O-O Nf3+ 14. Kg2 Qe7
15. d4 exd3 16. Nf4 Ne5 17. Nxd3 Nxc4 18. b3 Ne5 19. Bb2 Nxd3 20. Qxd3 Rxb3 21.
Qc2 Reb8 22. Na4 Qe4+ 23. Qxe4 Nxe4 24. Rfd1 Rxb2 25. Nxb2 Rxb2 26. Rxd7 Rxf2+
27. Kh1 g6 28. Rxc7 Ng5 29. Rxc5 Nf3 30. Rf1 Rxh2# 0-1

[Event "Julian Mazur 2024"]
[Site "Wellington Chess Club"]
[Date "2024.09.12"]
[Round "7.13"]
[White "Saglam, Yigit"]
[WhiteFideId "0"]
[Black "Bohme, Alex"]
[BlackFideId "2660270"]
[Result "1-0"]
[WhiteElo "1810"]
[BlackElo "1477"]

1. d4 d5 2. c4 c6 3. Nc3 Bf5 4. Nf3 e6 5. e3 Bd6 6. Qb3 Qb6 7. c5 Qxb3 8. axb3
Bc7 9. Nh4 Bc2 10. b4 Nd7 11. Kd2 Bg6 12. Nxg6 hxg6 13. h3 e5 14. g3 Ngf6 15.
Bg2 O-O 16. b5 exd4 17. exd4 Rfd8 18. Kd3 Ne4 19. Nxe4 dxe4+ 20. Kc3 f5 21. Bg5
Nf6 22. bxc6 bxc6 23. Bxf6 gxf6 24. Ra6 Rdc8 25. b4 Bxg3 26. fxg3 Rc7 27. b5
cxb5 28. Rxf6 Kg7 29. Ra6 Rd8 30. Rha1 b4+ 31. Kc4 Rdd7 32. Rb1 e3 33. Bf3 Re7
34. Kd3 Rc8 35. Rxb4 Rce8 36. Be2 g5 37. d5 Re5 38. Rxa7+ Kh6 39. Rb6+ 1-0

[Event "Julian Mazur 2024"]
[Site "Wellington Chess Club"]
[Date "2024.09.12"]
[Round "7.14"]
[White "List, Robert"]
[WhiteFideId "4303490"]
[Black "Evans, Oliver"]
[BlackFideId "4311949"]
[Result "0-1"]
[WhiteElo "1653"]
[BlackElo "1573"]

1. e4 e5 2. Bc4 Nc6 3. Nf3 Nf6 4. Ng5 d5 5. exd5 Nxd5 6. Nxf7 Kxf7 7. Qf3+ Ke6
8. Nc3 Ne7 9. d4 c6 10. dxe5 Nf5 11. O-O Bb4 12. Bg5 Qa5 13. a3 Bxc3 14. bxc3
h6 15. Qh5 Ne7 16. Bxe7 Kxe7 17. Qg6 Rf8 18. Qxg7+ Rf7 19. Qxh6 Be6 20. Rfd1
Raf8 21. Qg5+ Kd7 22. Bxd5 cxd5 23. c4 Qc5 24. Rd2 Rxf2 {,} 0-1

[Event "Julian Mazur 2024"]
[Site "Wellington Chess Club"]
[Date "2024.09.12"]
[Round "7.15"]
[White "Kvindt, Maxim"]
[WhiteFideId "0"]
[Black "Sova, Leo"]
[BlackFideId "39909204"]
[Result "1-0"]
[WhiteElo "1377"]
[BlackElo "1646"]

1. e4 e5 2. Nf3 Nc6 3. Bb5 a6 4. Bxc6 dxc6 5. Nc3 Bd6 6. O-O Nf6 7. d3 h6 8. b3
Bg4 9. h3 Bh5 10. Re1 O-O 11. Qe2 b5 12. Bb2 Re8 13. Rad1 c5 14. Qe3 c6 15. Ne2
Bxf3 16. Qxf3 Ra7 17. Ng3 g6 18. Re3 Nh5 19. Nxh5 gxh5 20. Qxh5 Re6 21. Rg3+
Kh7 22. Qf5+ Kh8 23. f4 Rae7 24. fxe5 Bc7 25. Rf1 Qf8 26. Rf4 Bxe5 27. Bxe5+
Rxe5 28. Qf6+ Kh7 29. Qxc6 R7e6 30. Qd7 Re7 31. Qg4 Rg5 32. Qh4 Rxg3 33. Qxg3
Qh8 34. Qg4 Qa1+ 35. Kh2 Qe5 36. Qf5+ Kg7 37. Qxe5+ Rxe5 38. Rf5 Rxf5 39. exf5
Kf6 40. g4 Ke5 41. Kg3 Kd4 42. Kf4 Kc3 43. d4 cxd4 44. Ke4 Kb2 45. h4 Kxa2 46.
g5 hxg5 47. hxg5 Kb2 48. Kd3 a5 49. g6 fxg6 50. fxg6 a4 51. g7 a3 52. g8=Q a2
53. Qg1 a1=Q 54. Qxd4+ Ka2 55. Qxa1+ Kxa1 56. c3 Kb2 57. c4 b4 58. c5 Kxb3 59.
c6 Ka2 60. c7 b3 61. c8=Q b2 62. Qa8+ Kb3 63. Qd5+ Ka3 1-0

[Event "Julian Mazur 2024"]
[Site "Wellington Chess Club"]
[Date "2024.09.12"]
[Round "7.16"]
[White "Pickering, Dean"]
[WhiteFideId "0"]
[Black "Farrington, Lawrence B"]
[BlackFideId "4301749"]
[Result "1/2-1/2"]
[WhiteElo "1274"]
[BlackElo "1646"]

1. e4 e6 2. d4 d5 3. exd5 exd5 4. Nc3 Nf6 5. Bg5 Be7 6. Nf3 Nc6 7. Bb5 O-O 8.
Bxc6 bxc6 9. O-O Bg4 10. Qd3 h6 11. Bh4 Bxf3 12. Qxf3 Nh7 13. Bxe7 Qxe7 14.
Rfe1 Qd6 15. Na4 Ng5 16. Qg3 Qxg3 17. hxg3 Ne6 18. c3 Rfe8 19. f3 Kf8 20. Kf2
Re7 21. b3 Rae8 22. Nb2 c5 23. Rad1 cxd4 24. cxd4 c6 25. Ke3 Nc7+ 26. Kd2 Nb5
27. Rxe7 Rxe7 28. Kd3 Re6 29. Rd2 Ke7 30. Na4 Kd8 31. Nc5 Re7 32. a4 Nd6 33. a5
Nb7 34. b4 Nd6 35. a6 Kc7 36. Re2 Rxe2 37. Kxe2 h5 38. Ke3 Nf5+ 39. Kf4 Nxd4
40. g4 hxg4 41. fxg4 Kd6 42. Nb7+ Ke7 43. Na5 Kd6 44. Nb7+ Ke7 45. Na5 Kd6
1/2-1/2

[Event "Julian Mazur 2024"]
[Site "Wellington Chess Club"]
[Date "2024.09.12"]
[Round "7.17"]
[White "Marney, John"]
[WhiteFideId "0"]
[Black "Dhamodharam, Aadhav"]
[BlackFideId "0"]
[Result "0-1"]
[WhiteElo "1696"]
[BlackElo "1477"]

1. e4 c6 2. d4 d5 3. exd5 cxd5 4. Bd3 Nc6 5. c3 e5 6. dxe5 Nxe5 7. Qe2 Qe7 8.
Bb5+ Nc6 9. Qxe7+ Bxe7 10. Be3 Nf6 11. f3 O-O 12. Ne2 a6 13. Bd3 Be6 14. Nd2
Ne5 15. Nf4 Nxd3+ 16. Nxd3 Bf5 17. Nf4 Rfe8 18. Kf2 Bd6 19. Ne2 Bd3 20. Nd4 Nh5
21. g3 f5 22. f4 Nf6 23. h3 g5 24. Rae1 g4 25. h4 Re7 26. N4b3 Rae8 27. Bd4
Re2+ 28. Rxe2 Rxe2+ 29. Kf1 Rxd2+ 30. Ke1 Re2+ 31. Kd1 Ne4 32. Nc1 Rd2+ 33. Ke1
Rxb2 34. Rg1 Rb1 35. Be3 Bc5 36. Bxc5 Rxc1# 0-1

[Event "Julian Mazur 2024"]
[Site "Wellington Chess Club"]
[Date "2024.09.12"]
[Round "7.18"]
[White "Qu, Lucas"]
[WhiteFideId "4314620"]
[Black "Sethuramalingam, Niranjana"]
[BlackFideId "4326415"]
[Result "1-0"]
[WhiteElo "1620"]
[BlackElo "1098"]

1. e4 c6 2. d4 d5 3. exd5 cxd5 4. Bd3 Nc6 5. c3 Nf6 6. h3 e6 7. Bf4 Bd6 8. Bxd6
Qxd6 9. Nf3 O-O 10. Nbd2 e5 11. dxe5 Nxe5 12. Be2 Re8 13. O-O Nxf3+ 14. Nxf3
Nh5 15. Bc4 Nf4 16. Qd2 Re6 17. Rad1 Nxh3+ 18. gxh3 Rg6+ 19. Ng5 Bxh3 20. Bxd5
Qf6 21. Bxf7+ Qxf7 22. Kh2 Qc7+ 23. Kxh3 Rh6+ 24. Kg4 Rf8 25. f4 Qc8+ 26. Qd7
Qxd7+ 27. Rxd7 1-0

[Event "Julian Mazur 2024"]
[Site "Wellington Chess Club"]
[Date "2024.09.12"]
[Round "7.19"]
[White "Rose, Jim"]
[WhiteFideId "4326776"]
[Black "Kumar, Raghava"]
[BlackFideId "33446610"]
[Result "1/2-1/2"]
[WhiteElo "1522"]
[BlackElo "1411"]

1. d4 d5 2. Nf3 h6 3. e3 Bf5 4. c4 Nf6 5. Qb3 b6 6. Nc3 e6 7. Ne5 Bd6 8. cxd5
exd5 9. Bb5+ Nbd7 10. O-O O-O 11. f4 Nb8 12. Bd2 Ne4 13. Be1 Bxe5 14. fxe5 Nxc3
15. Bxc3 Be6 16. Ba4 Re8 17. Bxe8 Qxe8 18. Rac1 a5 19. Bd2 Qe7 20. Qc3 Na6 21.
a3 c5 22. Qd3 c4 23. Qe2 Qg5 24. Qf3 Rf8 25. Rf2 Qg6 26. Re1 Nc7 27. Qd1 Bg4
28. Qa4 Ne6 29. Qb5 Ng5 30. Qxd5 Be6 31. Qb7 Nh3+ 1/2-1/2

[Event "Julian Mazur 2024"]
[Site "Wellington Chess Club"]
[Date "2024.09.12"]
[Round "7.20"]
[White "Ulm, Eric"]
[WhiteFideId "4325575"]
[Black "Ulm, Joy"]
[BlackFideId "4321081"]
[Result "0-1"]
[WhiteElo "1473"]
[BlackElo "1890"]

1. e4 c5 2. Nf3 d6 3. Bb5+ Bd7 4. Bxd7+ Nxd7 5. O-O Ngf6 6. Qe2 e6 7. b3 Be7 8.
Bb2 O-O 9. c4 d5 10. e5 Ne8 11. d4 dxc4 12. Qxc4 Nb6 13. Qe2 Rc8 14. Rd1 c4 15.
bxc4 Nxc4 16. Nc3 Bb4 17. Ne4 b5 18. Bc3 Ba3 19. Rab1 a6 20. Bb4 Bxb4 21. Rxb4
Nc7 22. Nc5 Nd5 23. Rb3 Qa5 24. Nb7 Nc3 25. Nxa5 Nxe2+ 26. Kf1 Nxa5 27. Kxe2
Nxb3 28. axb3 Rc3 29. d5 exd5 30. Rxd5 Rxb3 31. Nd4 Rb2+ 32. Ke3 h6 33. Rd6 Ra8
34. g3 a5 35. Rb6 b4 36. Nc6 b3 37. Nxa5 Rxa5 38. Rb8+ Kh7 39. f4 Rc5 40. Kd4
Rcc2 41. Rb7 Rxh2 42. Rxf7 Rbd2+ 43. Kc3 Rc2+ 44. Kxb3 Rc6 45. f5 Kg8 46. e6
Rhc2 47. Ra7 Kf8 48. g4 Rc7 49. e7+ Kxe7 0-1

[Event "Julian Mazur 2024"]
[Site "Wellington Chess Club"]
[Date "2024.09.12"]
[Round "7.21"]
[White "Lieser, Joshua"]
[WhiteFideId "4326385"]
[Black "Miriyala, Sreenikesh"]
[BlackFideId "4325532"]
[Result "1-0"]
[WhiteElo "1643"]
[BlackElo "948"]

1. e4 d6 2. d4 Nf6 3. Nc3 c6 4. Nf3 Qa5 5. Bd2 Qc7 6. h3 e5 7. dxe5 dxe5 8. Bc4
Be7 9. O-O O-O 10. a3 Nbd7 11. Qe2 b5 12. Ba2 Ba6 13. b4 c5 14. Rfd1 Qb7 15.
Bg5 cxb4 16. axb4 Bxb4 17. Nd5 Nxd5 18. Bxd5 Qc8 19. Bxa8 Bc3 20. Ra2 Nc5 21.
Be7 b4 22. Rxa6 Nxa6 23. Bxf8 Qxf8 24. Qxa6 Qxa8 25. Qxa7 Qf8 26. Qc7 b3 27.
Rd8 Qxd8 28. Qxd8# 1-0

[Event "Julian Mazur 2024"]
[Site "Wellington Chess Club"]
[Date "2024.09.12"]
[Round "7.22"]
[White "He, Zachary"]
[WhiteFideId "4320905"]
[Black "Osborne, Geoff"]
[BlackFideId "4311485"]
[Result "1-0"]
[WhiteElo "1261"]
[BlackElo "1517"]

1. e4 e5 2. Nc3 Nf6 3. f4 Nc6 4. fxe5 Nxe5 5. d4 Nc6 6. e5 Qe7 7. Nf3 d6 8. Qe2
Nd7 9. Nd5 Qd8 10. exd6+ Ne7 11. Nxc7+ 1-0

[Event "Julian Mazur 2024"]
[Site "Wellington Chess Club"]
[Date "2024.09.12"]
[Round "7.24"]
[White "Hupert, Leo"]
[WhiteFideId "0"]
[Black "Hao, John"]
[BlackFideId "4326377"]
[Result "1-0"]
[WhiteElo "1389"]
[BlackElo "1045"]

1. e4 c5 2. Nf3 e6 3. c3 Nc6 4. Bc4 d5 5. exd5 exd5 6. Bb3 Qe7+ 7. Qe2 Qxe2+ 8.
Kxe2 Nf6 9. Re1 Be7 10. Kf1 O-O 11. Ba4 Re8 12. Ne5 Bd7 13. Nxd7 Nxd7 14. d3
Rac8 15. Nd2 Nb6 16. Bc2 Bd6 17. Rxe8+ Rxe8 18. Nf3 d4 19. g3 f6 20. Bd2 Kf7
21. a4 a5 22. Be1 dxc3 23. bxc3 Nd7 24. Rb1 b6 25. Bb3+ Ke7 26. Bc4 Kd8 27. Nd2
Kc7 28. Ne4 Nce5 29. Bb5 Rb8 30. d4 cxd4 31. cxd4 Nf3 32. Rc1+ {,} 1-0